000
00253nam a22001217a 4500
008
180807b xxu||||| |||| 00| 0 eng d
041
_a
eng
080
_a
574
100
_a
9
101
_a
MJE
245
_a
Plants and Seeds
_c
Walker,C
942
_2
udc
_c
BK
999
_c
46928
_d
46928